[Event "TOP 16 GpA"]
[Site "Marseille FRA"]
[Date "2010.04.30"]
[Round "5"]
[White "Bacrot,E"]
[Black "Meier,Geo"]
[Result "1/2-1/2"]
[WhiteElo "2714"]
[BlackElo "2663"]
[EventDate "2010.03.26"]

1. e4 e6 2. d4 d5 3. Nc3 dxe4 4. Nxe4 Nd7 5. Nf3 Ngf6 6. Nxf6+ Nxf6 7. Be3
Nd5 8. Bd2 c5 9. Bb5+ Bd7 10. Bxd7+ Qxd7 11. c4 Nb6 12. Rc1 f6 13. dxc5
Bxc5 14. b4 Be7 15. Qb3 O-O 16. O-O Rac8 17. Rfd1 Rfd8 18. Be1 Qa4 19. Nd4
e5 20. Nf5 Bf8 21. Ne3 a6 22. c5+ Qxb3 23. axb3 Na8 24. Nc4 Kf7 25. Kf1 Ke6
26. Bd2 g5 27. Be3 Be7 28. Re1 Rb8 29. f4 gxf4 30. Bxf4 Rd5 31. Be3 Rdd8
32. g4 Nc7 33. g5 fxg5 34. Nxe5 Kf5 35. Bf2 Ne6 36. Bg3 Nf4 37. c6 Bxb4 38.
c7 Bxe1 39. Rxe1 Rbc8 40. cxd8=Q Rxd8 41. Nc4 Rd3 42. Re5+ Kf6 43. Re3 Rd1+
44. Re1 Rd3 45. Re3 Rd1+ 46. Kf2 b5 47. Na5 Kf5 48. Nc6 h5 49. Rc3 Ke4 50.
Re3+ Kf5 51. Re8 h4 52. Rf8+ Ke4 53. Bxf4 gxf4 54. Re8+ Kf5 55. Ke2 Rb1 56.
Nd4+ Kg4 57. Rg8+ Kh3 58. Kf3 a5 59. Kxf4 a4 60. bxa4 bxa4 61. Nf3 a3 62.
Ra8 Rb3 63. Ra4 Rc3 64. Ke4 Kg2 65. Nxh4+ Kxh2 66. Nf5 Rb3 67. Nd4 Rc3 68.
Ra7 Kg2 69. Nb5 Rb3 70. Nxa3 Rb4+ 71. Ke3 Rb3+ 72. Kd4 Rb4+ 73. Nc4 Kf3 74.
Rf7+ Ke2 75. Kc3 Ra4 76. Re7+ Kf3 77. Kd3 Kg4 78. Rc7 Kf5 79. Kd4 Ra1 80.
Ne3+ Ke6 81. Rc6+ Kd7 82. Rh6 Re1 83. Nf5 Ra1 84. Ne3 Re1 85. Nc2 Rc1 86.
Ke4 1/2-1/2

[Event "TOP 16 GpA"]
[Site "Marseille FRA"]
[Date "2010.04.30"]
[Round "5"]
[White "Bauer,Ch"]
[Black "Delchev,A"]
[Result "1/2-1/2"]
[WhiteElo "2607"]
[BlackElo "2625"]
[EventDate "2010.03.26"]

1. e4 e5 2. Nf3 Nc6 3. Bc4 Nf6 4. d3 Be7 5. O-O O-O 6. Re1 d6 7. c3 Na5 8.
Bb5 a6 9. Ba4 b5 10. Bc2 c5 11. Nbd2 Nc6 12. Nf1 Re8 13. h3 h6 14. Ng3 Bf8
15. Nh2 Ne7 16. Bb3 Ng6 17. Ng4 Be6 18. Bxe6 fxe6 19. Nxf6+ Qxf6 20. Nh5
Qh4 21. Kh2 d5 22. g3 Qe7 23. Qg4 Kh7 24. Re3 Qg5 25. Qf3 d4 26. Re2 Qe7
27. cxd4 cxd4 28. Bd2 Rec8 29. Kg2 Ra7 30. h4 Qf7 31. Qxf7 Rxf7 32. Be1 Bd6
33. b4 Ne7 34. g4 g6 35. Ng3 Nc6 36. Rc2 Rfc7 37. Rac1 Na7 38. Rxc7+ Rxc7
39. Rxc7+ Bxc7 40. Ne2 g5 41. hxg5 1/2-1/2

[Event "TOP 16 GpA"]
[Site "Marseille FRA"]
[Date "2010.04.30"]
[Round "5"]
[White "Genzling,A"]
[Black "Nataf,IA"]
[Result "0-1"]
[WhiteElo "2398"]
[BlackElo "2534"]
[EventDate "2010.03.26"]

1. e4 c5 2. Nf3 Nc6 3. Bb5 e6 4. O-O Nge7 5. Re1 a6 6. Bf1 d5 7. exd5 Nxd5
8. d4 Nf6 9. Be3 Be7 10. c4 O-O 11. Nc3 cxd4 12. Nxd4 Bd7 13. Nb3 Rc8 14.
Nc5 Bxc5 15. Bxc5 Re8 16. Bd6 e5 17. c5 Be6 18. Qa4 Nd7 19. Rad1 Qg5 20.
Re3 Qh6 21. Nd5 Bxd5 22. Rxd5 b5 23. Qxa6 Nb4 24. Qb7 Nxd5 25. Qxd5 Nf6 26.
Qd1 Red8 27. Bxb5 Rxc5 28. Qa4 Rc1+ 29. Bf1 Nd5 0-1

[Event "TOP 16 GpA"]
[Site "Marseille FRA"]
[Date "2010.04.30"]
[Round "5"]
[White "Miton,K"]
[Black "Paci,C"]
[Result "1-0"]
[WhiteElo "2581"]
[BlackElo "2345"]
[EventDate "2010.03.26"]

1. d4 e6 2. Nf3 f5 3. g3 Nf6 4. Bg2 Be7 5. O-O O-O 6. c4 d6 7. Nc3 Qe8 8.
b3 a5 9. Ba3 Na6 10. Qd2 c6 11. Ne1 e5 12. Nc2 Rb8 13. Bb2 Qh5 14. f4 Nb4
15. Ne3 e4 16. d5 Bd8 17. dxc6 Bb6 18. Ncd1 Nxc6 19. Kh1 Be6 20. Rc1 Rbd8
21. a3 Bc5 22. Rc2 b6 23. Nd5 Bxd5 24. cxd5 Ng4 25. h3 e3 26. Qd3 Ne7 27.
b4 axb4 28. axb4 Bxb4 29. Qd4 Nf6 30. Qxb4 Ne4 31. Rf3 Nxd5 32. Qb3 Qf7 33.
Nxe3 1-0

[Event "TOP 16 GpA"]
[Site "Marseille FRA"]
[Date "2010.04.30"]
[Round "5"]
[White "Nezar,M"]
[Black "Degraeve,JM"]
[Result "0-1"]
[WhiteElo "2398"]
[BlackElo "2563"]
[EventDate "2010.03.26"]

1. e4 Nf6 2. e5 Nd5 3. d4 d6 4. c4 Nb6 5. exd6 exd6 6. Nc3 Be7 7. Be2 O-O
8. Nf3 Bg4 9. O-O c6 10. b3 Re8 11. h3 Bh5 12. Be3 d5 13. c5 N6d7 14. b4
Bf6 15. Qb3 Nf8 16. Rfd1 Ne6 17. b5 Nd7 18. Rac1 Qc7 19. Ne1 Nxd4 20. Rxd4
Bxd4 21. Bxh5 Rxe3 22. Nxd5 Rxe1+ 23. Rxe1 cxd5 24. Re7 Qf4 25. Rxf7 Nf6
26. Rxf6 gxf6 27. Qxd5+ Kh8 28. Qxb7 Qxf2+ 0-1

[Event "TOP 16 GpA"]
[Site "Marseille FRA"]
[Date "2010.04.30"]
[Round "5"]
[White "Congiu,M"]
[Black "Delorme,L"]
[Result "1/2-1/2"]
[WhiteElo "2175"]
[BlackElo "2226"]
[EventDate "2010.03.26"]

1. e4 e5 2. Nf3 Nc6 3. Bc4 Nf6 4. d3 Be7 5. O-O O-O 6. Re1 d6 7. a4 Kh8 8.
a5 a6 9. Nc3 Ng8 10. d4 Bg4 11. dxe5 dxe5 12. Qxd8 Raxd8 13. Bd5 Bxf3 14.
Bxc6 bxc6 15. gxf3 Bb4 16. f4 exf4 17. Bxf4 f5 18. Bxc7 Rd2 19. e5 Rf7 20.
Bd6 Bxd6 21. exd6 Rxd6 22. Rad1 Rg6+ 23. Kf1 Rf8 24. f3 Rh6 25. Re2 g5 26.
Rd7 g4 27. fxg4 fxg4+ 28. Kg1 Rh5 29. b4 Rf3 30. Ne4 Rhf5 31. Rc7 h5 32.
Rxc6 h4 33. Rf2 h3 34. Rg6 R3f4 35. Rxf4 Rxf4 36. Re6 Kg7 37. c3 Nh6 38.
Ng3 Rf3 39. Rxa6 Rxc3 40. Re6 Rb3 41. Re4 Rb2 42. Ne2 Ra2 43. Kf2 Kf6 44.
Rc4 Kg5 45. Rc5+ Nf5 46. Kf1 Kf6 47. Rc6+ Ke5 48. Rc5+ Kf6 49. Rc6+ Ke5 50.
Rc5+ Kf6 51. Rc6+ Ke5 1/2-1/2

[Event "TOP 16 GpA"]
[Site "Marseille FRA"]
[Date "2010.04.30"]
[Round "5"]
[White "Cornette,M"]
[Black "Colin,V"]
[Result "1-0"]
[WhiteElo "2552"]
[BlackElo "2445"]
[EventDate "2010.03.26"]

1. d4 Nf6 2. c4 g6 3. Nc3 Bg7 4. e4 d6 5. Nf3 O-O 6. Be2 Na6 7. O-O e5 8.
Be3 h6 9. h3 exd4 10. Bxd4 Re8 11. Bd3 c6 12. Re1 Nc7 13. Bc2 Be6 14. Qd3
Na6 15. a3 Nc5 16. Qf1 Qe7 17. b4 Ncd7 18. Nd5 Qd8 19. Nf4 c5 20. Bc3 Rc8
21. Rad1 cxb4 22. Nxe6 Rxe6 23. axb4 Nh5 24. Bxg7 Kxg7 25. Qd3 Nf4 26. Qd4+
Qf6 27. Qxf6+ Rxf6 28. c5 Nb8 29. e5 dxe5 30. Nxe5 b6 31. Ng4 Re6 32. Rxe6
Nxe6 33. cxb6 axb6 34. Bb3 h5 35. Ne5 Rd8 36. Ra1 Kf6 37. Bxe6 Kxe6 38. Nc4
Rd4 39. Re1+ Kf6 40. Nxb6 Na6 41. b5 Nc7 42. Rb1 h4 43. Nc8 Rd8 44. Na7 Rb8
45. b6 Nd5 46. b7 Ne7 47. Kf1 g5 48. Rb3 Kg6 49. Ke2 f5 50. Kd3 g4 51. Kc4
f4 52. f3 Nf5 53. Kc5 Ne3 54. Nc6 Rxb7 55. Rxb7 Nxg2 56. Ne5+ 1-0

[Event "TOP 16 GpA"]
[Site "Marseille FRA"]
[Date "2010.04.30"]
[Round "5"]
[White "Vojinovic,G"]
[Black "Terrieux,K"]
[Result "0-1"]
[WhiteElo "2443"]
[BlackElo "2423"]
[EventDate "2010.03.26"]

1. Nf3 Nf6 2. g3 g6 3. Bg2 Bg7 4. O-O O-O 5. c4 d6 6. Nc3 Nc6 7. d4 a6 8.
b3 Rb8 9. Bd2 b5 10. cxb5 axb5 11. Rc1 Bd7 12. d5 Nb4 13. Be1 c6 14. dxc6
Nxc6 15. Nd2 b4 16. Na4 d5 17. Nc5 Bc8 18. Nf3 e5 19. Bd2 h6 20. Ne1 Rb5
21. Na4 Qd6 22. Nd3 Bb7 23. Ndc5 Ba8 24. e3 Nd7 25. Nxd7 Qxd7 26. Qe2 Rfb8
27. Rfd1 e4 28. f3 Qe7 29. Be1 Ne5 30. fxe4 dxe4 31. Rc8+ Kh7 32. Rxb8 Rxb8
33. Qa6 Nd3 34. Bd2 Qc7 35. Bf1 Rd8 0-1

[Event "TOP 16 GpA"]
[Site "Marseille FRA"]
[Date "2010.04.30"]
[Round "5"]
[White "Le Roux,JP"]
[Black "Tirard,H"]
[Result "0-1"]
[WhiteElo "2512"]
[BlackElo "2451"]
[EventDate "2010.03.26"]

1. e4 c5 2. Nc3 Nc6 3. Bb5 Nd4 4. Bc4 e6 5. Nge2 Qc7 6. d3 Nf6 7. O-O a6 8.
a4 Be7 9. f4 h5 10. h3 h4 11. Be3 Nxe2+ 12. Qxe2 b6 13. Qf2 Bb7 14. e5 Nh5
15. Ne4 f5 16. exf6 gxf6 17. a5 b5 18. Ba2 Ng3 19. Rfe1 Nxe4 20. dxe4 Bxe4
21. f5 Rg8 22. Bf4 Qc6 23. Rxe4 Qxe4 24. Re1 Qxf5 25. c4 bxc4 26. Bxc4 Kf7
27. Re3 d5 28. Bd3 Qh5 29. Be2 Qg6 30. Bf3 Rad8 31. Qe2 Qb1+ 32. Kh2 Qf5
33. Bc7 Rd7 34. Bh5+ 0-1

[Event "TOP 16 GpA"]
[Site "Marseille FRA"]
[Date "2010.04.30"]
[Round "5"]
[White "Bellaiche,A"]
[Black "Dumitrache,D"]
[Result "1/2-1/2"]
[WhiteElo "2443"]
[BlackElo "2467"]
[EventDate "2010.03.26"]

1. d4 d5 2. c4 e6 3. Nc3 Be7 4. Nf3 Nf6 5. Bg5 O-O 6. e3 b6 7. Bd3 dxc4 8.
Bxc4 Bb7 9. O-O Nbd7 10. Qc2 c5 11. Rad1 Bxf3 12. gxf3 cxd4 13. Rxd4 Qc8
14. Be2 Rd8 15. Rc1 Qb7 16. Nb5 Rac8 17. Rc4 Rxc4 18. Qxc4 Ne5 19. Qf4 Ng6
20. Qc4 Ne5 21. Qe4 Ng6 22. Qc4 1/2-1/2

[Event "TOP 16 GpA"]
[Site "Marseille FRA"]
[Date "2010.04.30"]
[Round "5"]
[White "Godard,M"]
[Black "Le Goff,D"]
[Result "0-1"]
[WhiteElo "2340"]
[BlackElo "2281"]
[EventDate "2010.03.26"]

1. d4 g6 2. e4 Bg7 3. c4 c5 4. d5 d6 5. Nc3 Nf6 6. Bd3 e6 7. Nge2 O-O 8.
O-O Na6 9. f3 Nc7 10. a4 Nd7 11. f4 exd5 12. cxd5 Nf6 13. h3 Rb8 14. Be3 a6
15. Rb1 b5 16. axb5 axb5 17. b4 c4 18. Bc2 Ra8 19. Bd4 Bb7 20. Ra1 Qd7 21.
Rxa8 Rxa8 22. Qb1 Nh5 23. Bxg7 Nxg7 24. f5 Nge8 25. Nd4 Qe7 26. Kh1 Nf6 27.
Qe1 Qe5 28. Nf3 Qe7 29. Qd2 Nh5 30. Kh2 Ra3 31. Bb1 Qf6 32. Ne2 Na6 33. g4
Ng7 34. Qh6 Qb2 35. Nfg1 Nxb4 36. fxg6 hxg6 37. Kg2 Nd3 38. Qg5 Qe5 39.
Qd8+ Qe8 40. Qxd6 Qxe4+ 41. Rf3 Ra8 42. Nc3 Qd4 43. Nge2 Qc5 44. Qg3 Re8
45. Bxd3 cxd3 46. Rxd3 b4 47. Qf2 Qxf2+ 48. Kxf2 bxc3 49. Nxc3 Re7 50. Kg3
Ne8 51. Kf4 Nd6 52. Rd1 Kg7 53. h4 f6 54. Rb1 Rc7 55. Rb3 Rc5 56. g5 Bxd5
57. Nxd5 Rxd5 58. gxf6+ Kxf6 59. Rb4 Nf5 60. Ke4 Rd6 61. Kf3 Rd4 62. Rb6+
Kg7 63. h5 gxh5 64. Ra6 Rd6 65. Ra8 Kg6 66. Kf4 Rf6 67. Rb8 Nd6+ 68. Kg3
Kg5 69. Ra8 Re6 70. Rg8+ Rg6 71. Ra8 Nf5+ 72. Kh3 Rd6 73. Ra3 Rd4 74. Rb3
Rh4+ 75. Kg2 Re4 76. Ra3 Kg4 77. Ra2 h4 78. Ra8 Re2+ 79. Kg1 Ne3 80. Rg8+
Kf3 81. Rg7 Re1+ 82. Kh2 Ng4+ 0-1

[Event "TOP 16 GpA"]
[Site "Marseille FRA"]
[Date "2010.04.30"]
[Round "5"]
[White "De Sousa,Jos"]
[Black "Azadharf,F"]
[Result "1/2-1/2"]
[WhiteElo "2281"]
[BlackElo "2245"]
[EventDate "2010.03.26"]

1. e4 c5 2. Nf3 d6 3. d4 cxd4 4. Nxd4 Nf6 5. Nc3 a6 6. Be2 e5 7. Nb3 Be6 8.
Bg5 Nbd7 9. O-O h6 10. Be3 Rc8 11. f4 Be7 12. Kh1 Qc7 13. Bf3 exf4 14. Bxf4
Ne5 15. Nd4 Bd7 16. Nd5 Nxd5 17. exd5 Bg5 18. Ne6 Qxc2 19. Nxg7+ Kf8 20.
Bxe5 dxe5 21. Bh5 Qxd1 22. Raxd1 Bf4 23. g3 Kxg7 24. gxf4 e4 25. Rfe1 Bf5
26. Rd2 Rhd8 27. Bd1 Rc1 28. Kg2 Kf6 29. Kf2 Rd6 30. Re3 b5 31. Bc2 Rh1 32.
Kg2 Ra1 33. a3 Rd8 34. Kf2 Rh1 35. Kg2 Ra1 36. Kf2 Rh1 37. Kg2 1/2-1/2

[Event "TOP 16 GpA"]
[Site "Marseille FRA"]
[Date "2010.04.30"]
[Round "5"]
[White "Fruteau,S"]
[Black "Le Diouron,A"]
[Result "1-0"]
[WhiteElo "2125"]
[BlackElo "1956"]
[EventDate "2010.03.26"]

1. e4 c5 2. Nf3 Nc6 3. Bb5 g6 4. O-O Bg7 5. c3 Nf6 6. Qa4 a6 7. Re1 O-O 8.
d4 cxd4 9. cxd4 Na7 10. Bd3 b5 11. Qb3 d5 12. e5 Ne4 13. Nc3 Nxc3 14. bxc3
Bg4 15. Nd2 Nc6 16. h3 Be6 17. Nf3 h6 18. a4 b4 19. cxb4 Qb6 20. b5 Nxd4
21. Nxd4 Qxd4 22. Bb2 Qb6 23. a5 Qb8 24. b6 Qb7 25. Bd4 Rfc8 26. Qb2 Bf5
27. Bxf5 gxf5 28. e6 Bxd4 29. Qxd4 Rc6 30. exf7+ Kxf7 31. Qxd5+ e6 32. Qf3
Qc8 33. Rad1 Rb8 34. Qf4 Kg6 35. Rd6 Rxd6 36. Qxd6 Kf7 37. Rd1 Rb7 38. Qf4
Kg6 39. Rc1 Qb8 40. Rc7 Rxc7 41. Qxc7 1-0

[Event "TOP 16 GpA"]
[Site "Marseille FRA"]
[Date "2010.04.30"]
[Round "5"]
[White "Magem Badals,J"]
[Black "Prie,E"]
[Result "1-0"]
[WhiteElo "2576"]
[BlackElo "2502"]
[EventDate "2010.03.26"]

1. e4 d5 2. exd5 Qxd5 3. Nc3 Qa5 4. d4 Nf6 5. Nf3 Bf5 6. Bc4 e6 7. Bd2 Bb4
8. a3 Bxc3 9. Bxc3 Qb6 10. d5 exd5 11. Bxd5 O-O 12. Bxf6 gxf6 13. O-O Nc6
14. Bxc6 Qxc6 15. Nd4 Qd7 16. Nxf5 Qxf5 17. Qd2 Rad8 18. Qc3 Rd6 19. Qxc7
Rb6 20. b4 Rc8 21. Qg3+ Qg6 22. Qe3 Rxc2 23. Qe8+ Kg7 24. Rad1 Rc3 25. Qb8
Rd3 26. Rde1 Rxa3 27. Re8 Kh6 28. Rg8 Qe4 29. Qf8+ 1-0

[Event "TOP 16 GpA"]
[Site "Marseille FRA"]
[Date "2010.04.30"]
[Round "5"]
[White "Sarthou,G"]
[Black "Sokolov,Ivan"]
[Result "1-0"]
[WhiteElo "2386"]
[BlackElo "2638"]
[EventDate "2010.03.26"]

1. d4 Nf6 2. Bg5 e6 3. e4 c5 4. d5 h6 5. Bxf6 Qxf6 6. Nc3 a6 7. Nf3 e5 8.
Nd2 d6 9. Be2 Nd7 10. Bg4 Be7 11. a4 b6 12. Nc4 Rb8 13. O-O h5 14. Bh3 Bd8
15. f4 Qe7 16. Bxd7+ Bxd7 17. fxe5 dxe5 18. d6 Qg5 19. h4 Qxh4 20. Nxe5 Bf6
21. Qd5 Rf8 22. Nf3 Qg4 23. e5 Bd8 24. Rae1 Qe6 25. Qd2 Bc6 26. Ne4 Kd7 27.
Neg5 Bxg5 28. Nxg5 Qd5 29. Qe2 Rbe8 30. Rf2 c4 31. Qe3 Qc5 32. Qxc5 bxc5
33. Nxf7 Bd5 34. Ng5 Rxf2 35. Kxf2 Rf8+ 36. Kg3 Rd8 37. c3 g6 38. Re2 Kc6
39. Rd2 Rb8 40. Rf2 a5 41. Rf6 Kd7 42. Rxg6 Rxb2 43. Rg7+ Kc6 44. d7 Kc7
45. e6 Rxg2+ 46. Kf4 Rf2+ 47. Ke5 Bc6 48. Nf7 Re2+ 49. Kf6 Bxd7 50. Ng5 Rd2
51. Ne4 Rd5 52. Rxd7+ Rxd7 53. exd7 Kxd7 54. Kg5 1-0

[Event "TOP 16 GpA"]
[Site "Marseille FRA"]
[Date "2010.04.30"]
[Round "5"]
[White "Gofshtein,L"]
[Black "Litwak,A"]
[Result "1-0"]
[WhiteElo "2540"]
[BlackElo "2269"]
[EventDate "2010.03.26"]

1. e4 c5 2. Nf3 d6 3. c3 Nf6 4. Be2 Nc6 5. d4 cxd4 6. cxd4 Nxe4 7. d5 Qa5+
8. Nc3 Nxc3 9. bxc3 Ne5 10. O-O Nxf3+ 11. Bxf3 e5 12. dxe6 fxe6 13. Rb1 d5
14. Qd4 Qc5 15. Bh5+ Kd7 16. Qd3 Bd6 17. Be2 b6 18. Qh3 Kc7 19. Be3 Qa3 20.
c4 d4 21. c5 Bxc5 22. Qg3+ Kd8 23. Qxg7 Re8 24. Bg5+ Be7 25. Qxd4+ Kc7 26.
Bf4+ 1-0

[Event "TOP 16 GpA"]
[Site "Marseille FRA"]
[Date "2010.04.30"]
[Round "5"]
[White "Touzane,O"]
[Black "Marcelin,C"]
[Result "0-1"]
[WhiteElo "2287"]
[BlackElo "2499"]
[EventDate "2010.03.26"]

1. d4 Nf6 2. c4 e6 3. g3 d5 4. Bg2 dxc4 5. Nf3 c5 6. Qa4+ Bd7 7. Qxc4 Nc6
8. dxc5 Qa5+ 9. Nbd2 Qxc5 10. O-O Rc8 11. Rd1 b5 12. Qxc5 Bxc5 13. a4 bxa4
14. Rxa4 Nb4 15. Ra1 Nc2 16. Rb1 Bb5 17. Bf1 Rd8 18. e3 Bc6 19. Be2 O-O 20.
b3 Nd5 21. Bb2 Ndxe3 22. fxe3 Nxe3 23. Rdc1 Nc4+ 24. Kf1 Nxd2+ 25. Nxd2
Rxd2 26. Rxc5 Be4 27. Bxg7 Kxg7 28. Ra1 Rb8 29. Ra4 Bd5 30. Rg4+ Kf8 31. b4
f5 32. Rh4 Rb7 33. b5 Kg7 34. Ra4 Kf6 35. Rc3 Ra2 36. Rxa2 Bxa2 37. Kf2 Ke5
38. Ke3 Bd5 39. Rc8 Rf7 40. Bd3 Rg7 41. Be2 Rf7 42. Bd3 Kd6 43. Kf4 e5+ 44.
Ke3 f4+ 45. gxf4 Rxf4 46. Rd8+ Kc5 47. Rc8+ Kd6 48. Rd8+ Kc5 49. Rc8+ Kb6
50. Rb8+ Kc7 51. Rh8 Rf3+ 52. Ke2 e4 53. Rxh7+ Kb6 54. Rh6+ Kc5 55. Bxe4
Bxe4 56. Rh5+ Kb6 57. Kd2 Bd3 58. Kc1 Bxb5 59. Kb2 a5 60. Re5 Rf2+ 61. Ka1
Rxh2 62. Re1 Kc5 63. Rc1+ Bc4 64. Rg1 Kb4 65. Rg3 Bb3 66. Re3 Ka3 67. Re1
Ra2+ 0-1

[Event "TOP 16 GpA"]
[Site "Marseille FRA"]
[Date "2010.04.30"]
[Round "5"]
[White "Nguyen Chi Minh"]
[Black "Buscara,S"]
[Result "1/2-1/2"]
[WhiteElo "2439"]
[BlackElo "2238"]
[EventDate "2010.03.26"]

1. d4 d5 2. c4 c6 3. Nc3 Nf6 4. Nf3 a6 5. c5 Bf5 6. Nh4 Be4 7. f3 Bg6 8.
Bf4 Nh5 9. Bg5 Qc7 10. g4 Nf6 11. Qd2 e5 12. dxe5 Nfd7 13. e4 Bxc5 14.
O-O-O d4 15. Ne2 Qxe5 16. Nf5 O-O 17. Nexd4 Bxf5 18. Nxf5 Qe6 19. Qc3 Qe5
20. Qxe5 Nxe5 21. Be2 f6 22. Bd2 b5 23. Ba5 g6 24. Nd4 Bxd4 25. Rxd4 c5 26.
Rd6 Nbc6 27. Bb6 Nd4 28. Bd1 Nc4 29. Bxc5 Nxd6 30. Bxd4 Rac8+ 31. Kb1 Nc4
32. Bb3 h6 33. Rc1 Kg7 34. Bxc4 bxc4 35. Kc2 Rfd8 36. Kc3 g5 37. f4 gxf4
38. Rf1 Rc6 39. Rxf4 Re8 40. h4 Kg6 41. Kd2 a5 42. Ke3 a4 43. a3 Rd6 44.
Rf5 Rde6 45. e5 fxe5 46. h5+ Kh7 47. Bc3 Rg8 48. Kf3 e4+ 49. Ke3 Re7 50.
Rf4 Rd8 51. Bd4 Rg8 1/2-1/2

[Event "TOP 16 GpA"]
[Site "Marseille FRA"]
[Date "2010.04.30"]
[Round "5"]
[White "Kaufeld,J"]
[Black "Clery,N"]
[Result "0-1"]
[WhiteElo "2241"]
[BlackElo "2391"]
[EventDate "2010.03.26"]

1. d4 Nf6 2. c4 e6 3. g3 d5 4. Nf3 Bb4+ 5. Bd2 Be7 6. Bg2 O-O 7. O-O c6 8.
Nc3 Nbd7 9. Bf4 dxc4 10. e4 Re8 11. Re1 Bb4 12. a4 b6 13. Nd2 Ba6 14. Na2
Ba5 15. Qc2 e5 16. dxe5 Nxe5 17. Red1 Qd3 18. Qc1 Bxd2 19. Bxd2 Nf3+ 20.
Kh1 Ng4 21. Be3 Qxe4 22. Rd4 Qxe3 23. Qxe3 Nxe3 24. fxe3 Nxd4 25. exd4 Bb7
26. a5 Rad8 0-1

[Event "TOP 16 GpA"]
[Site "Marseille FRA"]
[Date "2010.04.30"]
[Round "5"]
[White "Housieaux,D"]
[Black "Domenech,V"]
[Result "1-0"]
[WhiteElo "2431"]
[BlackElo "2050"]
[EventDate "2010.03.26"]

1. d4 d5 2. c4 c6 3. Nf3 Nf6 4. Nc3 a6 5. a4 e6 6. g3 a5 7. Bg2 Be7 8. O-O
O-O 9. Nd2 b6 10. Qb3 Na6 11. e4 Nb4 12. Rd1 Ba6 13. Bf1 Qc8 14. e5 Nd7 15.
cxd5 cxd5 16. Bxa6 Qxa6 17. Nb5 Rac8 18. Nf3 Rc4 19. Bd2 Rfc8 20. Bc3 Qb7
21. Re1 Na6 22. h4 Nc7 23. Na3 Bxa3 24. Qxa3 b5 25. Qe7 b4 26. Qxd7 bxc3
27. bxc3 Rxc3 28. Rab1 Qa8 29. Ng5 Rf8 30. Rec1 Rxc1+ 31. Rxc1 h6 32. Nh3
Na6 33. Nf4 Nb4 34. Nxe6 Qe8 35. Nxf8 1-0

[Event "TOP 16 GpA"]
[Site "Marseille FRA"]
[Date "2010.04.30"]
[Round "5"]
[White "Bannwarth,F"]
[Black "Assad,K"]
[Result "1/2-1/2"]
[WhiteElo "1849"]
[BlackElo "2056"]
[EventDate "2010.03.26"]

1. e4 e5 2. Nf3 Nc6 3. Bc4 Bc5 4. d3 Nf6 5. a3 d6 6. h3 h6 7. Bb3 O-O 8. c3
a6 9. O-O Ba7 10. Re1 Re8 11. Nbd2 Be6 12. Bc2 d5 13. Nf1 Qd6 14. Ng3 Rad8
15. Qe2 d4 16. Nh4 Ne7 17. Qf3 Bc8 18. Nhf5 Nxf5 19. Nxf5 Bxf5 20. Qxf5 Qe6
21. Qf3 c5 22. c4 Bb8 23. Ba4 Re7 24. Bd2 Ne8 25. Bxe8 Rexe8 26. b4 Bd6 27.
Rab1 1/2-1/2

[Event "TOP 16 GpA"]
[Site "Marseille FRA"]
[Date "2010.05.01"]
[Round "6"]
[White "Meier,Geo"]
[Black "Vachier Lagrave,M"]
[Result "1/2-1/2"]
[WhiteElo "2663"]
[BlackElo "2727"]
[EventDate "2010.03.26"]

1. Nf3 Nf6 2. c4 g6 3. Nc3 d5 4. cxd5 Nxd5 5. g3 Bg7 6. Bg2 O-O 7. O-O Nc6
8. d4 Bf5 9. Re1 Nxc3 10. bxc3 Qd7 11. e4 Bg4 12. Qb3 b6 13. Qd5 Rfd8 14.
Qxd7 Bxd7 15. e5 Na5 16. Ba3 c5 1/2-1/2

[Event "TOP 16 GpA"]
[Site "Marseille FRA"]
[Date "2010.05.01"]
[Round "6"]
[White "Feller,S"]
[Black "Bauer,Ch"]
[Result "1-0"]
[WhiteElo "2576"]
[BlackElo "2607"]
[EventDate "2010.03.26"]

1. d4 e6 2. c4 b6 3. e4 Bb7 4. Nd2 g6 5. Bd3 Bg7 6. Ngf3 Nc6 7. d5 Nb4 8.
Be2 a5 9. O-O Ne7 10. Nb1 f5 11. exf5 Nxf5 12. Bg5 Bf6 13. Bxf6 Qxf6 14.
Nc3 O-O 15. Qd2 Nd6 16. Rad1 Rae8 17. a3 Na6 18. Qc2 Qf5 19. Qxf5 exf5 20.
Nd4 Nc5 21. b4 axb4 22. axb4 Nce4 23. Nxe4 Nxe4 24. Rc1 Ba6 25. Rfd1 Nf6
26. Bf3 Rc8 27. Rd2 Rfe8 28. h3 Bb7 29. Nb5 d6 30. Ra2 Re7 31. Ra7 Rb8 32.
c5 dxc5 33. d6 cxd6 34. Nxd6 Rd7 35. Rxb7 Rbxb7 36. Nxb7 cxb4 37. Rc6 Kg7
38. Rxb6 h5 39. Nc5 Re7 40. Rxb4 Re1+ 41. Kh2 g5 42. Nd3 Re8 43. Rb7+ Kg6
44. Rb6 Kg7 45. Rb5 g4 46. Bc6 Rc8 47. Rb7+ Kh6 48. Ne5 f4 49. Rf7 1-0

[Event "TOP 16 GpA"]
[Site "Marseille FRA"]
[Date "2010.05.01"]
[Round "6"]
[White "Paci,C"]
[Black "Dorfman,I"]
[Result "0-1"]
[WhiteElo "2345"]
[BlackElo "2587"]
[EventDate "2010.03.26"]

1. e4 c5 2. c3 d5 3. exd5 Qxd5 4. d4 Nf6 5. Nf3 g6 6. Na3 Bg7 7. Bc4 Qe4+
8. Be3 O-O 9. dxc5 Ng4 10. Bd5 Nxe3 11. Bxe4 Nxd1 12. Rxd1 Na6 13. c6 bxc6
14. Nd4 Rb8 15. Nb3 Be6 16. O-O Rfc8 17. Rd2 Bh6 18. Rd4 c5 19. Ra4 c4 20.
Rxa6 cxb3 21. axb3 Rxb3 22. Rxa7 Rxb2 23. c4 Bf4 24. Bd5 Bxd5 25. cxd5 Bd6
26. Ra4 Bb4 27. g3 Kg7 28. Kg2 Rc3 29. Rb1 Rxb1 30. Nxb1 Rb3 31. Ra1 Kf6
0-1

[Event "TOP 16 GpA"]
[Site "Marseille FRA"]
[Date "2010.05.01"]
[Round "6"]
[White "Kogan,Ar"]
[Black "Brunner,N"]
[Result "1/2-1/2"]
[WhiteElo "2524"]
[BlackElo "2420"]
[EventDate "2010.03.26"]

1. e4 c5 2. Nc3 Nc6 3. Nf3 g6 4. d4 cxd4 5. Nxd4 Bg7 6. Nf3 Nf6 7. Bc4 O-O
8. O-O d6 9. h3 a6 10. Re1 b5 11. Bb3 Bb7 12. Bg5 h6 13. Bh4 Nd7 14. Qd2
Kh7 15. a4 b4 16. Nd5 Nc5 17. Bc4 Bxb2 18. Rab1 Bg7 19. Rxb4 Nxb4 20. Bxe7
Qd7 21. Bxf8 Rxf8 22. Qxb4 Qxa4 23. Qxa4 Nxa4 24. Rb1 Nb2 25. c3 Bxd5 26.
Bxd5 Bxc3 27. Rc1 Rc8 28. Bb7 Rc5 29. Bxa6 Kg7 30. Rc2 Kf6 31. Kf1 Be5 32.
Rd2 Nc4 33. Ra2 Nb6 34. Bb7 Rc7 35. Ba6 1/2-1/2

[Event "TOP 16 GpA"]
[Site "Marseille FRA"]
[Date "2010.05.01"]
[Round "6"]
[White "Genzling,A"]
[Black "Jussupow,Ar"]
[Result "0-1"]
[WhiteElo "2398"]
[BlackElo "2573"]
[EventDate "2010.03.26"]

1. e4 e5 2. Bc4 Nf6 3. d3 c6 4. Nf3 Be7 5. O-O d6 6. c3 O-O 7. Re1 Bg4 8.
h3 Bh5 9. Bb3 Nbd7 10. Nbd2 Nc5 11. Bc2 Ne6 12. Nf1 Nd7 13. Ng3 Bxf3 14.
Qxf3 g6 15. Bh6 Re8 16. Bb3 Ndc5 17. Bxe6 Nxe6 18. Qg4 Bg5 19. Bxg5 Qxg5
20. Qxg5 Nxg5 21. Rad1 Ne6 22. d4 exd4 23. cxd4 d5 24. exd5 cxd5 25. Ne2
Rad8 26. Nc3 f6 27. Re3 Kf7 28. Kf1 a6 29. Ne2 Re7 30. Rc1 Rde8 31. Ke1 h5
32. Kd2 h4 33. f3 g5 34. Rec3 Kg6 35. Rc8 Rxc8 36. Rxc8 Kf5 37. Kd3 Nf4+
38. Nxf4 Kxf4 39. Rd8 Kg3 40. Rxd5 Kxg2 41. Rf5 Rf7 42. f4 g4 43. hxg4 Rh7
44. g5 h3 0-1

[Event "TOP 16 GpA"]
[Site "Marseille FRA"]
[Date "2010.05.01"]
[Round "6"]
[White "Nezar,M"]
[Black "Hauchard,A"]
[Result "0-1"]
[WhiteElo "2398"]
[BlackElo "2527"]
[EventDate "2010.03.26"]

1. d4 d6 2. e4 Nf6 3. f3 Nbd7 4. Be3 e5 5. d5 Be7 6. c4 Nh5 7. Qd2 h6 8.
Bf2 O-O 9. Nc3 c6 10. h4 Nb6 11. g3 Bd7 12. Bd3 Rc8 13. b3 cxd5 14. cxd5 a6
15. Nge2 Be8 16. Nd1 Nd7 17. Ne3 Nc5 18. Bc2 a5 19. Nf5 Bd7 20. Nxe7+ Qxe7
21. g4 Nf6 22. Qxa5 Bxg4 23. fxg4 Ncxe4 24. Bxe4 Nxe4 25. Be3 Qf6 26. Rh3
Qg6 27. Qb6 Qxg4 28. Rh2 Rc2 29. Rc1 Rxa2 30. Qb5 Qf3 31. Qd3 f5 32. Rd1
Rc8 33. Bb6 Rxe2+ 34. Qxe2 Qc3+ 35. Rd2 Qxb3 36. Rc2 Qb4+ 37. Qd2 Nxd2 38.
Rxc8+ Kh7 39. Rxd2 Qxb6 40. Rg2 Qb4+ 41. Kf1 Qf4+ 42. Kg1 Qd4+ 43. Kf1 e4
44. Rc7 f4 0-1

[Event "TOP 16 GpA"]
[Site "Marseille FRA"]
[Date "2010.05.01"]
[Round "6"]
[White "Milliet,S"]
[Black "Congiu,M"]
[Result "0-1"]
[WhiteElo "2391"]
[BlackElo "2175"]
[EventDate "2010.03.26"]

1. e4 Nc6 2. Nf3 d5 3. exd5 Qxd5 4. Nc3 Qa5 5. d4 Bg4 6. Be2 O-O-O 7. Be3
Nf6 8. h3 Bxf3 9. Bxf3 e5 10. Bxc6 bxc6 11. Qf3 exd4 12. O-O-O dxc3 13.
Rxd8+ Kxd8 14. Qxc6 Qxa2 15. Rd1+ Bd6 16. bxc3 Qa3+ 17. Kd2 Re8 18. Rb1 Ke7
19. Rb7 Rd8 20. Bd4 Qa5 21. Rb5 Qa2 22. c4 Bf4+ 23. Kd3 Qa3+ 24. c3 Qa2 25.
Qc5+ Ke8 26. Qc6+ Kf8 0-1